000 00378nam a22001457a 4500
003 SGT
020 _a9789356408708
082 _a370.954
_bE25S
100 _aSUMAN, AMIT K.
245 _aEDUCATING INDIA: COLONIALISM AND INDIGENOUS KNOWLEDGE TRADITIONS C. 1765-1900
260 _aINDIA
_bBLOOMSBURY PUB
_c2025
300 _a321
650 _aGENERAL BOOKS
942 _2ddc
_cBK
999 _c34295
_d34295